Física: principios con aplicaciones
Saved in:
| Hovedforfatter: | |
|---|---|
| Format: | Bog |
| Sprog: | spansk |
| Udgivet: |
Cuernavaca
Pearson Educación
2006
|
| Udgivelse: | 6a. ed |
| Fag: | |
| Tags: |
Tilføj Tag
Ingen Tags, Vær først til at tagge denne postø!
|
MARC
| LEADER | 00000cam a2200000 a 4500 | ||
|---|---|---|---|
| 001 | UCG5826 | ||
| 003 | CL-VaPUC | ||
| 005 | 20241003160742.0 | ||
| 008 | 110324e20060000MX |||||||||||||||||spa|d | ||
| 999 | |c 344188 |d 344186 | ||
| 020 | |a 9702606950 | ||
| 040 | |c Pontificia Universidad Católica de Valparaíso | ||
| 082 | 0 | 4 | |a 530 |b GIA |2 21 |
| 100 | |a Giancoli, Douglas C |e author |9 555686 | ||
| 245 | 1 | 0 | |a Física: principios con aplicaciones |
| 250 | |a 6a. ed | ||
| 260 | |a Cuernavaca |b Pearson Educación |c 2006 | ||
| 300 | |a 753 p | ||
| 583 | |a last modification |c 20190315 01:48:30 |k Rodrigo Vera | ||
| 650 | 0 | |a Mecánica |9 260136 | |
| 650 | 0 | |a Rotación |9 359703 | |
| 650 | 0 | |a Termodinámica |9 259320 | |
| 650 | 0 | |a Electromagnetismo |9 260123 | |
| 650 | 0 | |a Ondas |9 260165 | |
| 650 | 0 | |a Temperatura |9 892013 | |
| 650 | 0 | |a Óptica |9 263171 | |
| 650 | 0 | |a Relatividad |9 269977 | |
| 942 | |c BK |2 ddc | ||
| 945 | |d 20110324 00:00:00 |a dcastane | ||
| 952 | |0 0 |1 0 |4 0 |6 530_000000000000000_GIA_2006 |7 0 |8 A |9 442017 |a BIBCUR |b BIBCUR |d 2019-11-22 |i 4758137 |l 3 |m 1 |o 530 GIA 2006 |p 4758137 |r 2025-04-22 |s 2025-03-28 |w 2019-11-22 |y BK |k KIN | ||
| 952 | |0 0 |1 0 |4 0 |6 530_000000000000000_GIA_2006 |7 0 |8 A |9 442018 |a BIBCUR |b BIBCUR |d 2019-11-22 |i 4758145 |o 530 GIA 2006 |p 4758145 |r 2025-04-22 |w 2019-11-22 |y BK |k KIN | ||
| 952 | |0 0 |1 0 |3 erb |4 0 |6 530_000000000000000_GIA_2006 |7 0 |8 A |9 442019 |a BIBCUR |b BIBCUR |i 5536871 |l 8 |m 3 |o 530 GIA 2006 |p 5536871 |r 2025-04-22 |s 2025-04-03 |w 2019-11-22 |y BK |z Catalogado en:20190315 |k FIS | ||
| 952 | |0 0 |1 0 |3 erb |4 0 |6 530_000000000000000_GIA_2006 |7 0 |8 A |9 442020 |a BIBCUR |b BIBCUR |i 5536863 |l 2 |o 530 GIA 2006 |p 5536863 |r 2025-04-22 |s 2024-09-09 |w 2019-11-22 |y BK |z Catalogado en:20190315 |k FIS | ||
| 952 | |0 0 |1 0 |3 erb |4 0 |6 530_000000000000000_GIA_2006 |7 0 |8 A |9 442021 |a BIBCUR |b BIBCUR |i 5536855 |l 2 |m 1 |o 530 GIA 2006 |p 5536855 |r 2025-04-22 |s 2022-11-08 |w 2019-11-22 |y BK |z Catalogado en:20190315 |k FIS | ||
| 952 | |0 0 |1 0 |3 erb |4 0 |6 530_000000000000000_GIA_2006 |7 0 |8 A |9 442022 |a BIBCUR |b BIBCUR |i 5536847 |l 1 |o 530 GIA 2006 |p 5536847 |r 2025-04-22 |s 2022-11-22 |w 2019-11-22 |y BK |z Catalogado en:20190315 |k FIS | ||
| 952 | |0 0 |1 0 |3 erb |4 0 |6 530_000000000000000_GIA_2006 |7 0 |8 A |9 442023 |a BIBCUR |b BIBCUR |i 5536839 |l 7 |o 530 GIA 2006 |p 5536839 |r 2025-04-22 |s 2025-03-26 |w 2019-11-22 |y BK |z Catalogado en:20190315 |k FIS | ||